000 00281nam a2200097Ia 4500
001 660489
005 20250826160115.0
008 250824s9999 xx 000 0 und d
245 0 _aSERGÜZEŞT ANTİK OKUL KLASİKLERİ
_cSAMİ PAŞAZADE SEZAİ
260 _bANTİK DÜNYA KLASİKLERİ
999 _c660489
_d660489